000 00381nam a2200157Ia 4500
008 230524s9999 xx 000 0 und d
082 _a5.133
_bPAL
100 _aAjit Pal
245 0 _aMicroprocessors (Principles and Applications)
250 _a1ST
260 _aNEW DELHI
_bTMH
_c2004
300 _aXV;323
500 _aQuantity Number: 2
650 _aComp-Sc
942 _cBK
999 _c36521
_d36521